| 000 | 01614nam a22001577a 4500 | ||
|---|---|---|---|
| 041 | _aukr | ||
| 080 | _a09 | ||
| 090 | _bЗАК | ||
| 100 | _aЗакладна У. В. | ||
| 245 | _aМовні механізми впливу на свідомість у політичному дискурсі на прикладі промови Джоржа Буша-молодшого, присвячених подіям 11 вересня 2001 року в США, виголошених в період вересень листопад 2001 року | ||
| 260 |
_aОстрог _bКАФ _c2005 |
||
| 300 | _a50 | ||
| 520 |
_aРОЗДІЛ 1. МОВНІ МЕХАНІЗМИ ВАРІАТИВНОЇ ІНТЕРПРЕТАЦІЇ ДІЙСНОСТІ.
1.1. Предмет теорії впливу і її джерела.
1.2. Передумови мовного варіювання.
1.3. Типологія мовних механізмів впливу на свідомість.
РОЗДІЛ 2. ПОЛІТИЧНИЙ ДИСКУРС ЯК ОБ’ЄКТ ЛІНГВІСТИЧНОГО АНАЛІЗУ.
2.1. Мова політики.
2.2. Методи лінгвістичного аналізу політичного дискурсу.
2.2.1. Критичний метод.
2.2.2. Когнітивний метод.
2.2.3. Описовий підхід.
2.2.4. Кількісний метод.
2.3. Лінгвістичний аналіз мовних механізмів впливу в промовах Джорджа Буша-молодшого. _0лінгвістика, промова |
||
| 650 | _aResearch Papers | ||
| 999 |
_c283115 _d283115 |
||
| 942 | _cBK | ||